| 000 | 01647nam2a22002531 4500 | ||
|---|---|---|---|
| 001 | rc\3356568 | ||
| 005 | 20250609183415.0 | ||
| 021 |
_aRU _bРг16730-72 |
||
| 021 |
_aRU _b71-76939 |
||
| 035 | _a(NLR Aleph) 007439384 | ||
| 090 |
_a7099344 _c7099344 |
||
| 100 | _a20130115d1971 |||y0rusy50 ca | ||
| 101 | 0 | _arus | |
| 102 | _aRU | ||
| 105 | _ay z ||||| | ||
| 200 | 1 |
_aСекция социально-экономических наук _fМ-во высш. и сред. спец. образ. РСФСР. Ленингр. технол. ин-т им. Ленсовета. Науч.-техн. конф. С 4 по 9 окт. 1971 г. |
|
| 210 |
_d1971 _aБ. м. |
||
| 215 |
_a121 с. _d20 |
||
| 461 | 0 |
_1001rc\3356553 _12001#$aКраткие сообщения$e[1]-$fМ-во высш. и сред. спец. образ. РСФСР. Ленингр. ордена Труд. Красного Знамени технол. ин-т им. Ленсовета. Науч.-техн. конф. с 7 по 14 окт.$v[14] _97099211 _aЛенинградский технологический институт им. Ленсовета. Научно-техническая конференция (1971, октябрь-ноябрь) _cЛенинград _d1971 _fМ-во высш. и сред. спец. образ. РСФСР. Ленингр. ордена Труд. Красного Знамени технол. ин-т им. Ленсовета. Науч.-техн. конф. с 7 по 14 окт. _nБ. и. _o[1]- _tКраткие сообщения _v[14] |
|
| 801 | 0 |
_aRU _bNLR _gpsbo |
|
| 801 | 1 |
_aRU _bELAR _2rusmarc |
|
| 852 |
_aNLR _j71-4/22104 |
||
| 942 | _cBOOK | ||
| 980 | _aNB | ||